| 000 -LEADER |
| fixed length control field |
00440nam a2200169Ia 4500 |
| 003 - CONTROL NUMBER IDENTIFIER |
| control field |
OSt |
| 005 - DATE AND TIME OF LATEST TRANSACTION |
| control field |
20200707165525.0 |
| 008 - FIXED-LENGTH DATA ELEMENTS--GENERAL INFORMATION |
| fixed length control field |
200103s9999||||xx |||||||||||||| ||und|| |
| 020 ## - INTERNATIONAL STANDARD BOOK NUMBER |
| International Standard Book Number |
007099059X |
| 040 ## - CATALOGING SOURCE |
| Original cataloging agency |
IMU-MPC |
| Transcribing agency |
IMU-KC |
| 082 ## - DEWEY DECIMAL CLASSIFICATION NUMBER |
| Classification number |
621.815 |
| Item number |
H1741 |
| 100 ## - MAIN ENTRY--PERSONAL NAME |
| Personal name |
Hall, Allen S. |
| 245 #0 - TITLE STATEMENT |
| Title |
Schaum's outline series theory and problems of Machine design |
| 260 ## - PUBLICATION, DISTRIBUTION, ETC. |
| Place of publication, distribution, etc. |
New York |
| Name of publisher, distributor, etc. |
McGrawhill |
| Date of publication, distribution, etc. |
1980 |
| 300 ## - PHYSICAL DESCRIPTION |
| Extent |
344 p. |
| 942 ## - ADDED ENTRY ELEMENTS (KOHA) |
| Koha item type |
Books |
| Source of classification or shelving scheme |
|